Ženitba. Soveršenno neverojatnoje sobytije v dvuch dejstvijach.

Uložené v:
Podrobná bibliografia
Hlavný autor: Gogoľ, N. V.
Médium: Kniha
Jazyk:Slovak
Vydané: 1946.
Fyzický popis: 74 s.
Tagy: Pridať tag
Žiadne tagy, Buďte prvý kto otaguje tento záznam!

MARC

LEADER 00000nam a22000004a 4500
001 000567310
005 20171127113330.0
008 171127s1946 xo e 000 0 slo d
040 |a SVKKK  |b slo  |c SVKKK  |e AACR2 
100 1 |a Gogoľ, N. V. 
245 1 0 |a Ženitba. Soveršenno neverojatnoje sobytije v dvuch dejstvijach. 
260 |c 1946. 
300 |a 74 s. 
500 |a Záznam revízie 
910 |a svkkk 
998 |a BK 
090 |g SCKHL  |k Sklad Hlavná 10 suterén  |a I.31822  |j 368485  |i 2720624215  |s Prezenčne